000 00390cam a22001217a 4500
008 180718b1958 xxu||||| |||| 00| 0 eng d
082 _aT1084x54 N213b
100 _aNational Council of Applied Economic Research
245 _aBackground objects, and activities
260 _aNew Delhi
_bNational Council of Applied Economic Research
_c1958
300 _a24p.
650 _aEconomics - Research
999 _c480767
_d480767